Exercise balls for dummies

This book provides instructions on using an exercise ball as well as incorporating it into Pilates, weight training, aerobics, and stretching.

Gespeichert in:
Bibliographische Detailangaben
1. Verfasser: Chabut, LaReine
Format: Buch
Sprache:Undetermined
Veröffentlicht: Hoboken, NJ Wiley 2005
Schlagworte:
Tags: Tag hinzufügen
Keine Tags, Fügen Sie den ersten Tag hinzu!
Thư viện lưu trữ: Trung tâm Học liệu Trường Đại học Cần Thơ
LEADER 00741nam a2200205Ia 4500
001 CTU_165938
008 210402s9999 xx 000 0 und d
020 |c 21.99 
082 |a 613.710284 
082 |b C429 
100 |a Chabut, LaReine 
245 0 |a Exercise balls for dummies 
245 0 |c LaReine Chabut 
260 |a Hoboken, NJ 
260 |b Wiley 
260 |c 2005 
520 |a This book provides instructions on using an exercise ball as well as incorporating it into Pilates, weight training, aerobics, and stretching. 
650 |a Swiss exercise balls,Exercise,Thể dục bóng Thụy Sĩ,Luyện tập thể thao 
904 |i Dinh Thu, Bạch Trúc 
980 |a Trung tâm Học liệu Trường Đại học Cần Thơ